000 00422cam a2200181ua 4500
020 _c4.00
041 _ahin
_h
082 _a891.54
_bSUM/AT
100 _aSumitrananda, Pant.
245 _aAthima /
_cSumitranandan pant.
_hTextual Documents
250 _a3 /
_b.
260 _aDelhi :
_bRajkamal Prakashan ,
_c1959.
300 _a152 ; .
365 _a4.00
504 _a
942 _cBK
999 _c8369
_d8369